| Tag |
First Indicator |
Second Indicator |
Subfields |
| LEADER |
00000cam a2200000 a 4500 |
| 001 |
in00000082967 |
| 005 |
20151008054303.0 |
| 008 |
810706s1980 miua b 10010 eng |
| 010 |
|
|
|a 80083413
|
| 035 |
|
|
|a (OCoLC)06854118
|
| 035 |
|
|
|9 AAJ0210AM
|
| 039 |
0 |
|
|a 2
|b 3
|c 3
|d 3
|e 3
|
| 040 |
|
|
|a DLC
|c DLC
|d TXA
|d UtOrBLW
|
| 049 |
|
|
|a TXAM
|c 1 [1671574], 2 [1502024]
|
| 050 |
0 |
0 |
|a TA1235
|b .I57 1980
|
| 082 |
0 |
|
|a 629.04
|2 19
|
| 111 |
2 |
|
|a International Conference on Transportation Electronics
|d (1980 :
|c Dearborn, Mich.)
|
| 245 |
1 |
0 |
|a Proceedings of Convergence 80 :
|b 30th annual conference of the IEEE Vehicular Technology Society /
|c International Conference on Transportation Electronics, September 15-17, 1980, Dearborn, Michigan ; [sponsors, Vehicular Technology Society, Institute of Electrical and Electronics Engineers, Inc. (VTS-IEEE), Society of Automotive Engineers, Inc. (SAE) ; co-sponsors, Advanced Transit Association (ATRA) and others].
|
| 264 |
|
1 |
|a Utica, Mich. (8111 Wiloray, Utica) :
|b Bohn Print. Co. ;
|a Piscataway, N.J. (445 Hoes Lane, Piscataway 08865) :
|b May be ordered from the IEEE Service Center,
|c [1980]
|
| 264 |
|
4 |
|c ©1980
|
| 300 |
|
|
|a 506 pages in various pagings :
|b illustrations ;
|c 28 cm.
|
| 336 |
|
|
|a text
|b txt
|2 rdacontent
|
| 337 |
|
|
|a unmediated
|b n
|2 rdamedia
|
| 338 |
|
|
|a volume
|b nc
|2 rdacarrier
|
| 500 |
|
|
|a "IEEE 80CH1601-4"
|
| 500 |
|
|
|a "SAE SP-90"
|
| 504 |
|
|
|a Includes bibliographical references.
|
| 650 |
|
0 |
|a Electronics in transportation
|v Congresses.
|
| 650 |
|
0 |
|a Automobiles
|x Electronic equipment
|v Congresses.
|
| 710 |
2 |
|
|a Vehicular Technology Society.
|
| 710 |
2 |
|
|a Society of Automotive Engineers.
|
| 740 |
0 |
|
|a Convergence 80.
|
| 999 |
|
|
|a MARS
|
| 999 |
f |
f |
|s 14f1fbf5-313e-30a9-ae0e-7347461d814d
|i 982ef280-ff70-362d-b46a-f47b44fabc6d
|t 0
|
| 952 |
f |
f |
|p ric
|a Texas A&M University
|b Rellis Campus
|c Joint Library Facility
|d Remote Storage
|t 0
|e TA1235 .I57 1980
|h Library of Congress classification
|i unmediated -- volume
|m A14806244049
|
| 998 |
f |
f |
|a TA1235 .I57 1980
|t 0
|l Remote Storage
|